000 00966cab a2200289 4500
001 ABS56668
008 090401t1997 xxu||||| |||| 00| 0 eng d
035 _a(Sirsi) u77363
041 _aeng
100 _aBrewer, G.
245 _aPaying for failure to certify
260 _c1997
350 _a0
490 _aContract Journal
_v19 March 1997, 23(1)
520 _aConsiders how if an engineer `fails to certify` under the provisions of the ICE 5th edition contract, he may be liable to pay contractual interest. "AMEC Building v Cadmus Investment Company".
650 _aAMEC BUILDING LTD V CADMUS INVESTMENTS
650 _aARBITRATORS' AWARDS
650 _aBP CHEMICALS V KINGDOM ENGINEERING
650 _aENGINEERS
650 _aFAILURE TO CERTIFY
650 _aICE CONDITIONS OF CONTRACT (FIFTH EDITION)
650 _aICE
650 _aINTEREST
690 _aBUILT ENVIRONMENT-BUILDING CONTRACT FORMS
942 _n0
948 _c25/03/1997
999 _c48639
_d48639